000 00966nam a22003017a 4500
001 BR8403967
003 BR-BrBNA
005 20230928092006.0
007 ta
008 230509b bl.||||| |||| 00| 0 por d
040 _aBR-BrBNA
_bpor
_cBiblioteca Nacional de Agricultura
041 _a(Eng)
072 _aE30; E10
_b/G514
090 _ E30 BR8403967
110 1 _aJICA, Brasilia, DF (Brasil)
_96646
245 1 _aInception report for the study related to the regional development plan of the geater Carajas program of the Federative Republic of Brazil (Phase 2)[planejamento regional, Para, Brasil]
260 3 _aBrasilia, DF (Brasil):
_c1984.
300 _a69 p.
650 _aPROJETO DE DESENVOLVIMENTO
650 _aDESENVOLVIMENTO AGRICOLA
650 _aDESENVOLVIMENTO ECONOMICO
650 _aEXPLORACAO AGRICOLA
650 _aRECURSO NATURAL
650 _aCARAJAS
650 _aPARA
909 _a202309
_bLucia
_c55
_dLucia Elande
942 _cBK
999 _c36585
_d36585